000 01107cam a22003497a 4500
003 CHAP
005 20220329142955.0
008 050520s1995 us a r 00010 eng d
010 _a90298
011 _a91270
020 _a0534210600
035 _a101828
040 _cCHAP
082 0 4 _a574
_bS84
100 0 0 _aStarr,Cecie.
_9109500
245 1 0 _aBiology :
_bthe unity and diversity of life
_c/by Cecie Starr and Ralph Taggart
250 _a7 ed.
260 _aCalifornia, U.S.A.;
_bWadsworth,
_c1995.
300 _a931 p.;
_bilus. ; + 6 apendix y glosario
590 _aBATCH-UPD
_b10
_c20130110
_lUCH01
_h0346
590 _aBATCH-UPD
_b10
_c20130110
_lUCH01
_h1806
590 _aBATCH-UPD
_b10
_c20130410
_lUCH01
_h0019
590 _aBATCH-UPD
_b10
_c20130914
_lUCH01
_h0635
590 _aCONVERSION
_b10
_c20130109
_lUCH01
_h1350
650 1 4 _aBiología.
_912773
650 1 4 _aBiología
_xInvestigación.
_912787
700 0 _aTaggart, Ralph.
_9111347
901 _aBK
905 _aMayto Villalobos Santana
942 _cLIBRO
949 _a574 S84
_bBC
_cLIBRO
_d33724000915286
_eLIBRO
_h105161
_i101828
_si
999 _c90298
_d90298